MLB Hall of Fame Last Names - Statistics

General Stats
  • This quiz has been taken 11 times
  • The average score is 6 of 25
Answer Stats
Given/Middle Name Last Name % Correct
George Herman Ruth
100%
Reginald Martinez Jackson
80%
Carsten Charles Sabathia
70%
Osborne Earl Smith
70%
Tyrus Raymond Cobb
60%
Theodore Samuel Williams
60%
Louis Clark Brock
30%
Albert William Kaline
20%
Leroy Robert Paige
20%
Michael Jack Schmidt
20%
Lawrence Peter Berra
10%
Rik Aalbert Blyleven
10%
Roland Glen Fingers
10%
Henry Benjamin Greenberg
10%
George Kenneth Griffey
10%
Anthony Keith Gwynn
10%
Larry Wayne Jones
10%
Jack Roosevelt Robinson
10%
Edward Charles Ford
0%
Richard Michael Gossage
0%
William Stanley Mazeroski
0%
John Scott Morris
0%
James Alvin Palmer
0%
Ronald Edward Santo
0%
Wilver Dornel Stargell
0%
No matching quizzes found
Score Distribution
Percent of People with Each Score
Percentile by Number Answered
Your Score History
You have not taken this quiz